[Event "Bhopal op"]
[Site "Bhopal"]
[Date "2019.12.21"]
[Round "1"]
[White "Jagdish, Narang"]
[Black "Bogdanovich, Stanislav"]
[Result "0-1"]
[WhiteElo "1596"]
[BlackElo "2562"]
[PlyCount "66"]
[EventDate "2019.12.21"]
[EventType "swiss"]
[EventRounds "10"]
[EventCountry "IND"]
[SourceTitle "CBM 194 Extra"]
[Source "ChessBase"]
[SourceDate "2020.03.31"]
[SourceVersion "1"]
[SourceVersionDate "2020.03.31"]
[SourceQuality "1"]

1. e4 e5 2. Nf3 Nc6 3. Bb5 a6 4. Ba4 Nf6 5. 0-0 Be7 6. Re1 b5 7. Bb3 0-0 8. d4 d6 9. h3 Nxd4 10. Nxd4 exd4 11. Qxd4 c5 12. Qc3 c4 13. Bxc4 bxc4 14. Qxc4 d5 15. exd5 Qxd5 16. Qxd5 Nxd5 17. a3 Be6 18. Nd2 Rac8 19. c4 Nf4 20. Re3 Rfd8 21. b4 Bf6 22. Rb1 Bf5 23. Ne4 Rd1+ 24. Kh2 Bd4 25. Nd6 Bxe3 26. Nxf5 Rxc4 27. fxe3 Nh5 28. b5 Rcxc1 29. Rxc1 Rxc1 30. b6 Rb1 31. Ne7+ Kf8 32. Nc8 Nf6 33. a4 a5 0-1